Hydronic system design and operation: a guide to heating and cooling with water

Uloženo v:
Podrobná bibliografie
Hlavní autor: Hansen, Erwin G (Autor)
Médium: Kniha
Jazyk:angličtina
Vydáno: Nueva York McGraw-Hill 1985
Témata:
Tagy: Přidat tag
Žádné tagy, Buďte první, kdo vytvoří štítek k tomuto záznamu!

MARC

LEADER 00000nam a2200000 a 4500
001 UCW1891
003 CL-VaPUC
008 880930e19850000US |||||||||||||||||eng|d
082 0 4 |a 697  |b HAN  |2 21 
100 0 |a Hansen, Erwin G  |e author  |9 305891 
245 1 0 |a Hydronic system design and operation: a guide to heating and cooling with water 
300 |a 556 p 
942 |c BK 
945 |d 19880930 00:00:00 
260 |a Nueva York  |b McGraw-Hill  |c 1985 
650 7 |a CALEFACCION POR AGUA CALIENTE  |2 CL-VaPUC  |9 271536 
650 0 |a Aire acondicionado  |9 259344 
583 |a last modification  |c 19880930 00:00:00  |k Rodrigo Vera 
999 |c 216626  |d 216624